000 00334nam a2200145Ia 4500
008 191201s2007 xx 000 0 und d
082 _a006.6
_bHEC
100 _aHEARN, Donald
245 0 _aComputer Graphics C Version
250 _a2nd
260 _aN.Delhi
_bPHI
_c2007
300 _a660
650 _aB.Tech(CSE)
942 _2ddc
_cBK
999 _c1057
_d1057